Исследование процесса жидкофазного окисления нитрофенолов; Химия и химическая технология в XXI веке

書誌詳細
Parent link:Химия и химическая технология в XXI веке.— 2008.— С. 264
第一著者: Авдиенко О. И.
その他の著者: Штыкина А. В. (научный руководитель), Новиков В. Т.
言語:ロシア語
出版事項: 2008
主題:
フォーマット: 図書の章
KOHA link:https://koha.lib.tpu.ru/cgi-bin/koha/opac-detail.pl?biblionumber=168507

MARC

LEADER 00000naa2a2200000 4500
001 168507
005 20231031163126.0
035 |a (RuTPU)RU\TPU\book\182820 
090 |a 168507 
100 |a 20091028d2008 k y0rusy50 ca 
101 0 |a rus 
102 |a RU 
200 1 |a Исследование процесса жидкофазного окисления нитрофенолов  |f О. И. Авдиенко, А. В. Штыкина  |g науч. рук. В. Т. Новиков 
320 |a Библиогр.: 4 назв. 
463 0 |0 (RuTPU)RU\TPU\book\176288  |t Химия и химическая технология в XXI веке  |o IX Всероссийская научно-практическая конференция студентов и аспирантов, Томск, 14-16 мая 2008 г.  |o сборник материалов  |f Томский политехнический университет (ТПУ) ; Химия и химическая технология в XXI веке  |v С. 264  |d 2008  |p 338 с. 
610 1 |a нитрофенолы 
610 1 |a жидкофазное окисление 
610 1 |a токсичные отходы 
610 1 |a утилизация 
610 1 |a обезвреживание 
610 1 |a труды учёных ТПУ 
700 1 |a Авдиенко  |b О. И. 
701 1 |a Штыкина  |b А. В. 
702 1 |a Новиков  |b В. Т.  |4 727 
801 1 |a RU  |b 63413507  |c 20091028 
942 |c BK